[Event "Warsaw Maciei Memorial"]
[Site "Warsaw"]
[Date "2025.07.07"]
[Round "8"]
[White "Cornelisse, Lorelei"]
[Black "Rudzinska, Michalina"]
[Result "0-1"]
[WhiteElo "2129"]
[BlackElo "2231"]
[PlyCount "68"]
[EventDate "2025.07.07"]
[EventType "swiss (blitz)"]
[EventRounds "11"]
[EventCountry "POL"]
[SourceTitle "CB28_2025"]
[SourceDate "2025.07.09"]
[SourceVersion "1"]
[SourceVersionDate "2025.07.09"]
[SourceQuality "1"]

1. d4 d5 2. c4 e6 3. Nf3 Nf6 4. g3 Bb4+ 5. Bd2 a5 6. Bg2 0-0 7. Qc2 c5 8. cxd5 cxd4 9. Nxd4 Qb6 10. e3 exd5 11. 0-0 Nc6 12. Nxc6 bxc6 13. Rc1 Rb8 14. b3 Bd7 15. Nc3 Rfc8 16. Na4 Qd8 17. Nc5 Bxd2 18. Qxd2 Bf5 19. Qd4 Qe7 20. Nd3 Be4 21. Qe5 Qf8 22. Nf4 Bxg2 23. Kxg2 Rb4 24. Qf5 Rc7 25. Rc3 Qd6 26. Rac1 g6 27. Qd3 Ne4 28. R3c2 Rb6 29. Nxd5 cxd5 30. Rxc7 Qf6 31. f3 Ng5 32. Rc8+ Kg7 33. Qd4 Nxf3 34. Rg8+ Kxg8 0-1

[Event "Warsaw Maciei Memorial"]
[Site "Warsaw"]
[Date "2025.07.07"]
[Round "3"]
[White "Fernandez, Daniel Howard"]
[Black "Rudzinska, Michalina"]
[Result "1-0"]
[WhiteElo "2481"]
[BlackElo "2231"]
[PlyCount "75"]
[EventDate "2025.07.07"]
[EventType "swiss (blitz)"]
[EventRounds "11"]
[EventCountry "POL"]
[SourceTitle "CB28_2025"]
[SourceDate "2025.07.09"]
[SourceVersion "1"]
[SourceVersionDate "2025.07.09"]
[SourceQuality "1"]

1. e4 c6 2. d4 d5 3. exd5 cxd5 4. Bd3 Nc6 5. c3 e5 6. dxe5 Nxe5 7. Nf3 Nxd3+ 8. Qxd3 Bd6 9. 0-0 Ne7 10. Bg5 f6 11. Bh4 0-0 12. Bg3 Bxg3 13. hxg3 Nc6 14. Nbd2 Be6 15. Nd4 Bf7 16. Nxc6 bxc6 17. b4 a5 18. a3 axb4 19. cxb4 Bg6 20. Qd4 Re8 21. Nb3 Re4 22. Qd2 Qe7 23. Nc5 Re2 24. Qf4 Qe5 25. Rfc1 Qb2 26. a4 d4 27. Qf3 Rae8 28. Qb3+ Qxb3 29. Nxb3 d3 30. Rd1 Rb2 31. Nc5 d2 32. a5 Rd8 33. a6 Rxb4 34. a7 Ra8 35. Rxd2 Rb5 36. Ne6 Rb7 37. Rd8+ Rxd8 38. Nxd8 1-0

[Event "Warsaw Maciei Memorial"]
[Site "Warsaw"]
[Date "2025.07.07"]
[Round "11"]
[White "Korszanski, Stanislaw"]
[Black "Rudzinska, Michalina"]
[Result "0-1"]
[WhiteElo "1960"]
[BlackElo "2231"]
[PlyCount "94"]
[EventDate "2025.07.07"]
[EventType "swiss (blitz)"]
[EventRounds "11"]
[EventCountry "POL"]
[SourceTitle "CB28_2025"]
[SourceDate "2025.07.09"]
[SourceVersion "1"]
[SourceVersionDate "2025.07.09"]
[SourceQuality "1"]

1. e4 c6 2. d4 d5 3. exd5 cxd5 4. c4 e6 5. Nc3 Nf6 6. Nf3 Be7 7. cxd5 Nxd5 8. Bd3 0-0 9. 0-0 Nc6 10. a3 Nf6 11. Bc2 b6 12. Qd3 Bb7 13. Bg5 g6 14. Bh6 Re8 15. Rad1 Rc8 16. Bb3 Na5 17. Ba2 Nd5 18. Rfe1 Bf6 19. Ne5 Nxc3 20. bxc3 Bd5 21. Bb1 Nc4 22. Ng4 Nb2 23. Nxf6+ Qxf6 24. Qg3 Nxd1 25. Rxd1 e5 26. Bg5 Qg7 27. h4 exd4 28. cxd4 Rc4 29. Qf4 Rc6 30. h5 Rce6 31. h6 Qf8 32. Bd3 Qd6 33. Qg4 Re1+ 34. Bf1 Rxd1 35. Qxd1 Qxa3 36. Bf6 Qd6 37. Be5 Qe6 38. Qa4 a5 39. f3 Bc6 40. Qc2 f6 41. Bc4 Bd5 42. Bxd5 Qxd5 43. Bxf6 Qe6 44. Be5 Rc8 45. Qb2 a4 46. Qb4 Ra8 47. Qa3 b5 0-1

[Event "Warsaw Maciei Memorial"]
[Site "Warsaw"]
[Date "2025.07.07"]
[Round "7"]
[White "Kowalski, Witold"]
[Black "Rudzinska, Michalina"]
[Result "1-0"]
[WhiteElo "2071"]
[BlackElo "2231"]
[PlyCount "126"]
[EventDate "2025.07.07"]
[EventType "swiss (blitz)"]
[EventRounds "11"]
[EventCountry "POL"]
[SourceTitle "CB28_2025"]
[SourceDate "2025.07.09"]
[SourceVersion "1"]
[SourceVersionDate "2025.07.09"]
[SourceQuality "1"]

1. e4 c6 2. d4 d5 3. e5 Bf5 4. Nf3 e6 5. Be2 Nd7 6. 0-0 a5 7. a4 f6 8. Re1 fxe5 9. dxe5 Bc5 10. c3 Ne7 11. Nbd2 0-0 12. Nb3 Bb6 13. Nbd4 Bc7 14. Bd3 Qe8 15. Bg5 Bxd3 16. Qxd3 Nf5 17. Nxf5 Rxf5 18. Bh4 Nxe5 19. Nxe5 Bxe5 20. Re2 Qh5 21. Bg3 Bxg3 22. hxg3 e5 23. Rae1 e4 24. Qd4 Qf7 25. c4 Rc8 26. Qb6 Qc7 27. Qc5 b6 28. Qe3 Rf6 29. Qb3 Rd6 30. cxd5 cxd5 31. Rxe4 Qf7 32. Rd4 Rf8 33. Qe3 Kh8 34. Rf4 Rf6 35. Qxb6 Rxf4 36. gxf4 Qxf4 37. g3 Qf5 38. Qc5 h6 39. Rd1 Rd8 40. Qb6 Rf8 41. Rd2 Qb1+ 42. Kh2 Qe1 43. Qd4 Rf5 44. Kg2 Rh5 45. Kf3 Qh1+ 46. Ke3 Rf5 47. Kd3 Qb1+ 48. Kc3 Rf3+ 49. Rd3 Qc1+ 50. Kb3 Qd1+ 51. Kc3 Qe1+ 52. Kb3 Rxf2 53. Qxd5 Qe2 54. Kc4 Rf1 55. Qd8+ Kh7 56. Qd5 Rc1+ 57. Kb5 Qxb2+ 58. Rb3 Qe2+ 59. Kxa5 Qf2 60. Qe4+ Kg8 61. Rb8+ Kf7 62. Qe8+ Kf6 63. Qf8+ Ke5 1-0

[Event "Warsaw Maciei Memorial"]
[Site "Warsaw"]
[Date "2025.07.07"]
[Round "6"]
[White "Rudzinska, Michalina"]
[Black "Brudzynski, Wojciech"]
[Result "1-0"]
[WhiteElo "2231"]
[BlackElo "1914"]
[PlyCount "99"]
[EventDate "2025.07.07"]
[EventType "swiss (blitz)"]
[EventRounds "11"]
[EventCountry "POL"]
[SourceTitle "CB28_2025"]
[SourceDate "2025.07.09"]
[SourceVersion "1"]
[SourceVersionDate "2025.07.09"]
[SourceQuality "1"]

1. e4 c5 2. Nf3 d6 3. d4 cxd4 4. Nxd4 Nf6 5. Nc3 a6 6. g3 e5 7. Nde2 b5 8. Bg2 Bb7 9. a4 b4 10. Nd5 Nxd5 11. exd5 Be7 12. 0-0 0-0 13. a5 Nd7 14. Ra4 Nc5 15. Ra1 Rc8 16. Bd2 b3 17. cxb3 f5 18. b4 Nd7 19. Nc3 Nf6 20. Be3 Qd7 21. Qb3 Ng4 22. Bd2 f4 23. Be4 Qe8 24. f3 Nf6 25. gxf4 exf4 26. Rae1 Qh5 27. Kh1 Nxe4 28. Rxe4 Bf6 29. Qd1 Be5 30. Rg1 Rf6 31. Qe2 Rh6 32. Rg2 Rf8 33. Rc4 Bc8 34. Ne4 Bh3 35. Rg5 Qh4 36. Be1 Bg2+ 37. Rxg2 Qh3 38. Bc3 Bxc3 39. Nxc3 Rhf6 40. Re4 h6 41. Re7 g5 42. Re6 Rxe6 43. Qxe6+ Qxe6 44. dxe6 Re8 45. Re2 Kg7 46. Nd5 h5 47. e7 Kf7 48. Nc7 Rxe7 49. Rxe7+ Kxe7 50. Nxa6 1-0

[Event "Kiel op"]
[Site "Kiel"]
[Date "2025.07.04"]
[Round "7"]
[White "Rudzinska, Michalina"]
[Black "Hury, Tymoteusz"]
[Result "0-1"]
[WhiteElo "2231"]
[BlackElo "2115"]
[PlyCount "102"]
[EventDate "2025.06.30"]
[EventType "swiss"]
[EventRounds "9"]
[EventCountry "GER"]
[SourceTitle "CB28_2025"]
[SourceDate "2025.07.09"]
[SourceVersion "1"]
[SourceVersionDate "2025.07.09"]
[SourceQuality "1"]

1. e4 e5 2. Nf3 Nc6 3. Bc4 Nf6 4. d3 h6 5. 0-0 Bc5 6. Nc3 d6 7. Na4 Bb6 8. a3 0-0 9. h3 Be6 10. Bxe6 fxe6 11. b4 Qe8 12. c3 Nh5 13. Nxb6 axb6 14. a4 Ne7 15. g3 Nc6 16. Nh2 d5 17. b5 Ne7 18. Ng4 dxe4 19. dxe4 Nf6 20. Nxe5 Ng6 21. Nxg6 Qxg6 22. e5 Ne4 23. Qd3 Rad8 24. Qe3 Ng5 25. Kg2 Qc2 26. Re1 Rd3 27. Qe2 Rxc3 28. Bxg5 hxg5 29. Ra2 Qb3 30. Rb2 Qxa4 31. Qd2 Rcf3 32. Re2 g4 33. h4 Qa1 34. Qe1 Rxf2+ 35. Qxf2 Rxf2+ 36. Rxf2 Qe1 37. Rfe2 Qc3 38. Rbc2 Qf3+ 39. Kh2 c5 40. bxc6 bxc6 41. Rf2 Qe3 42. Rce2 Qd4 43. Rf4 Qd1 44. Ree4 c5 45. Rxg4 b5 46. h5 b4 47. Ref4 Kh7 48. Rg5 b3 49. Kh3 Qd8 50. Rg6 b2 51. Rf7 b1Q 0-1

[Event "Katowice rapid op"]
[Site "Katowice"]
[Date "2025.05.31"]
[Round "6"]
[White "Ochedzan, Filip"]
[Black "Rudzinska, Michalina"]
[Result "0-1"]
[WhiteElo "1928"]
[BlackElo "2215"]
[PlyCount "120"]
[EventDate "2025.05.31"]
[EventType "swiss"]
[EventRounds "11"]
[EventCountry "POL"]
[SourceTitle "CB24_2025"]
[SourceDate "2025.06.11"]
[SourceVersion "1"]
[SourceVersionDate "2025.06.11"]
[SourceQuality "1"]

1. e4 c6 2. d4 d5 3. Nc3 dxe4 4. Nxe4 Nf6 5. Nxf6+ exf6 6. Be3 Bd6 7. Bd3 Na6 8. a3 Nc7 9. Ne2 0-0 10. 0-0 f5 11. c4 Re8 12. Qd2 h6 13. Rfe1 Qf6 14. Rad1 Be6 15. g3 Rad8 16. Qc3 Bc8 17. Bc2 Ne6 18. d5 Be5 19. Qb3 cxd5 20. cxd5 Nf8 21. f4 Bb8 22. Bd4 Qg6 23. Qf3 b6 24. Nc3 Bb7 25. Be5 Nd7 26. Bxb8 Rxb8 27. Qd3 Qd6 28. Qxf5 g6 29. Qd3 Qc5+ 30. Kg2 Nf6 31. b4 Qc7 32. Bb3 Rbc8 33. Nb5 Qd7 34. Nc3 Qg4 35. Qf3 Qxf3+ 36. Kxf3 Rxc3+ 37. Kf2 Rxe1 38. Rxe1 Rxb3 39. d6 Ne4+ 40. Kg1 Nxd6 41. Re7 Rb1+ 42. Kf2 Rb2+ 43. Kg1 Bd5 44. Rd7 Rb1+ 45. Kf2 Ne4+ 46. Ke3 Nf6 47. Rd8+ Kg7 48. Rc8 Rb3+ 49. Kd4 Rxa3 50. g4 Ra4 51. g5 Rxb4+ 52. Ke5 Re4+ 53. Kd6 Rxf4 54. gxf6+ Rxf6+ 55. Kxd5 a5 56. Ra8 h5 57. h4 Rf4 58. Ra6 Rxh4 59. Rxb6 a4 60. Ra6 Rg4 0-1

[Event "Katowice rapid op"]
[Site "Katowice"]
[Date "2025.05.31"]
[Round "7"]
[White "Rudzinska, Michalina"]
[Black "Socko, Bartosz"]
[Result "0-1"]
[WhiteElo "2215"]
[BlackElo "2510"]
[PlyCount "101"]
[EventDate "2025.05.31"]
[EventType "swiss"]
[EventRounds "11"]
[EventCountry "POL"]
[SourceTitle "CB24_2025"]
[SourceDate "2025.06.11"]
[SourceVersion "1"]
[SourceVersionDate "2025.06.11"]
[SourceQuality "1"]

1. e4 c6 2. d4 d5 3. e5 Bf5 4. c4 e6 5. Nc3 Bb4 6. cxd5 cxd5 7. h4 h6 8. g4 Be4 9. f3 Bh7 10. h5 Nc6 11. Bd3 Bxd3 12. Qxd3 Qb6 13. Nge2 Nge7 14. f4 0-0-0 15. Bd2 Kb8 16. 0-0 Bxc3 17. Bxc3 f5 18. exf6 gxf6 19. Kh2 Rdg8 20. Rg1 f5 21. Qe3 Nd8 22. Qe5+ Qc7 23. gxf5 Nxf5 24. Rg6 Nh4 25. Qxc7+ Kxc7 26. Rg3 Nf5 27. Rxg8 Rxg8 28. Kh3 Nc6 29. b4 b5 30. a4 a6 31. axb5 axb5 32. Re1 Kd6 33. Rd1 Ra8 34. Rd3 Ra3 35. Nc1 Ncxd4 36. Bxd4 Rxd3+ 37. Nxd3 Nxd4 38. Kg4 Nf5 39. Ne5 d4 40. Kf3 Kd5 41. Ke2 Ke4 42. Nd7 Kxf4 43. Kd3 e5 44. Nf6 Kf3 45. Ne4 Ng3 46. Nd6 Nf5 47. Nxb5 e4+ 48. Kc4 e3 49. Na3 e2 50. Nc2 Ne3+ 51. Kxd4 0-1

[Event "POL-ch (Women) 76th"]
[Site "Krakow"]
[Date "2025.05.14"]
[Round "9"]
[White "Rudzinska, Michalina"]
[Black "Dwilewicz, Katarzyna"]
[Result "1-0"]
[WhiteElo "2212"]
[BlackElo "2207"]
[PlyCount "139"]
[EventDate "2025.05.06"]
[EventType "tourn"]
[EventRounds "9"]
[EventCountry "POL"]
[EventCategory "3"]
[SourceTitle "CB21_2025"]
[SourceDate "2025.05.21"]
[SourceVersion "1"]
[SourceVersionDate "2025.05.21"]
[SourceQuality "1"]

1. e4 c5 2. Nf3 e6 3. d4 cxd4 4. Nxd4 Nc6 5. Nc3 Qc7 6. Ncb5 Qb8 7. Bd3 a6 8. Nxc6 bxc6 9. Nd4 Nf6 10. 0-0 e5 11. Ne2 Be7 12. c4 0-0 13. Qc2 h6 14. h3 d6 15. Rb1 a5 16. Be3 Be6 17. f4 exf4 18. Nxf4 Nd7 19. Nh5 Ne5 20. Bd4 c5 21. Bc3 Bg5 22. b3 Qd8 23. Qe2 g6 24. Ng3 Bh4 25. Nf5 gxf5 26. exf5 Bd7 27. f6 Nxd3 28. Qxd3 Kh8 29. Qxd6 Rg8 30. Rbd1 Qe8 31. Qxd7 Qe3+ 32. Kh1 Qxc3 33. Qxf7 Qg3 34. Qb7 Ra7 35. Qc6 Rc7 36. Qe4 Rf7 37. Rd3 Qg6 38. Qxg6 Rxg6 39. Rd5 Rgxf6 40. Rxf6 Rxf6 41. Kh2 Bf2 42. Rd7 Bd4 43. Kg3 Kg8 44. Ra7 Bc3 45. Kg4 Rf7 46. Ra6 Kg7 47. h4 Rf2 48. g3 Rxa2 49. Ra7+ Kf8 50. Kh5 Rb2 51. Kxh6 Rxb3 52. g4 Rb4 53. Ra8+ Ke7 54. Ra7+ Kd8 55. Kg5 Rxc4 56. h5 Bd2+ 57. Kf5 Rf4+ 58. Ke6 Re4+ 59. Kf5 Re7 60. Ra8+ Kd7 61. g5 c4 62. h6 Re2 63. h7 Bc3 64. Rxa5 Rh2 65. Ra4 Re2 66. Ra5 Rh2 67. Ra4 Kd6 68. Rxc4 Be5 69. Ra4 Bc3 70. Ra3 1-0

[Event "POL-ch (Women) 76th"]
[Site "Krakow"]
[Date "2025.05.13"]
[Round "8"]
[White "Maltsevskaya, Aleksandra"]
[Black "Rudzinska, Michalina"]
[Result "1/2-1/2"]
[WhiteElo "2398"]
[BlackElo "2212"]
[PlyCount "80"]
[EventDate "2025.05.06"]
[EventType "tourn"]
[EventRounds "9"]
[EventCountry "POL"]
[EventCategory "3"]
[SourceTitle "CB21_2025"]
[SourceDate "2025.05.21"]
[SourceVersion "1"]
[SourceVersionDate "2025.05.21"]
[SourceQuality "1"]

1. Nf3 d5 2. g3 b6 3. Bg2 Bb7 4. d4 e6 5. 0-0 Nd7 6. Ne5 c5 7. Nxd7 Qxd7 8. b3 Nf6 9. dxc5 bxc5 10. Bb2 Be7 11. c4 d4 12. Bxb7 Qxb7 13. e3 dxe3 14. fxe3 h5 15. Nd2 h4 16. Qf3 Qxf3 17. Nxf3 hxg3 18. hxg3 Ng4 19. Ne5 Nxe5 20. Bxe5 f6 21. Bc3 a5 22. Kg2 a4 23. Rfb1 axb3 24. axb3 Kf7 25. Rxa8 Rxa8 26. Kf3 Rb8 27. Rb2 Kg6 28. Bd2 f5 29. e4 Kf7 30. exf5 exf5 31. g4 Kg6 32. Be3 Kf6 33. Rb1 g5 34. gxf5 Kxf5 35. Rd1 g4+ 36. Kg2 Rxb3 37. Rd5+ Ke4 38. Bxc5 Bxc5 39. Rxc5 Kf4 40. Ra5 Rb2+ 1/2-1/2

[Event "POL-ch (Women) 76th"]
[Site "Krakow"]
[Date "2025.05.08"]
[Round "3"]
[White "Kulon, Klaudia"]
[Black "Rudzinska, Michalina"]
[Result "1-0"]
[WhiteElo "2396"]
[BlackElo "2212"]
[PlyCount "61"]
[EventDate "2025.05.06"]
[EventType "tourn"]
[EventRounds "9"]
[EventCountry "POL"]
[EventCategory "3"]
[SourceTitle "CB21_2025"]
[SourceDate "2025.05.21"]
[SourceVersion "1"]
[SourceVersionDate "2025.05.21"]
[SourceQuality "1"]

1. e4 c6 2. d4 d5 3. f3 dxe4 4. fxe4 e5 5. Nf3 Bg4 6. c3 Nf6 7. Bc4 Bxf3 8. Qxf3 Nbd7 9. 0-0 Bd6 10. Bb3 Qc7 11. Nd2 b5 12. a4 0-0 13. Kh1 c5 14. d5 c4 15. Bc2 b4 16. a5 Rab8 17. Ba4 Nc5 18. Bc6 bxc3 19. bxc3 Nb3 20. Ra4 Nxa5 21. Nxc4 Nxc6 22. Nxd6 Ne7 23. Ba3 Rfd8 24. Nf5 Nxf5 25. Qxf5 Rb7 26. c4 Rdb8 27. c5 Rb1 28. c6 Qb6 29. Bd6 Ng4 30. Qxf7+ Kh8 31. Rb4 1-0

[Event "POL-ch (Women) 76th"]
[Site "Krakow"]
[Date "2025.05.07"]
[Round "2"]
[White "Rudzinska, Michalina"]
[Black "Smietanska, Wiktoria"]
[Result "1-0"]
[WhiteElo "2212"]
[BlackElo "2227"]
[PlyCount "111"]
[EventDate "2025.05.06"]
[EventType "tourn"]
[EventRounds "9"]
[EventCountry "POL"]
[EventCategory "3"]
[SourceTitle "CB21_2025"]
[SourceDate "2025.05.21"]
[SourceVersion "1"]
[SourceVersionDate "2025.05.21"]
[SourceQuality "1"]

1. e4 e5 2. Nf3 Nc6 3. Nc3 Nf6 4. Bb5 Bb4 5. 0-0 0-0 6. d4 exd4 7. Nd5 Be7 8. Re1 Nxd5 9. exd5 Nb4 10. Nxd4 Bf6 11. Nf5 d6 12. Ng3 c6 13. dxc6 bxc6 14. Ba4 Bb7 15. Nh5 Nd5 16. Qg4 Qc8 17. Qf3 Re8 18. Nxf6+ Nxf6 19. Bg5 Nd7 20. Bb3 d5 21. Qg3 Nf8 22. Bf6 Ng6 23. Rxe8+ Qxe8 24. Bd4 Qe4 25. c3 Re8 26. h3 a6 27. Be3 h5 28. Rc1 h4 29. Qc7 Re7 30. Qb8+ Kh7 31. Bc2 Qe5 32. Qd8 Qc7 33. Qxc7 Rxc7 34. Bg5 c5 35. Bxh4 Rd7 36. Bf5 Rd6 37. Be7 Rc6 38. c4 d4 39. Bg5 Bc8 40. Be4 Rb6 41. b3 f6 42. Bd2 f5 43. Bd5 Ne7 44. Bf4 Bd7 45. Re1 Ng6 46. Bg5 a5 47. h4 a4 48. h5 Nf8 49. Re7 axb3 50. axb3 d3 51. Bd2 Be6 52. h6 Bxd5 53. Rxg7+ Kh8 54. cxd5 Rxh6 55. Rf7 Kg8 56. Rxf8+ 1-0

[Event "EU-ch (Women) 25th"]
[Site "Rhodes"]
[Date "2025.04.11"]
[Round "11"]
[White "Abdinova, Narmin"]
[Black "Rudzinska, Michalina"]
[Result "0-1"]
[WhiteElo "2083"]
[BlackElo "2223"]
[PlyCount "60"]
[EventDate "2025.03.31"]
[EventType "swiss"]
[EventRounds "11"]
[EventCountry "GRE"]
[SourceTitle "CB16_2025"]
[SourceDate "2025.04.16"]
[SourceVersion "1"]
[SourceVersionDate "2025.04.16"]
[SourceQuality "1"]

1. d4 d5 2. c4 e6 3. Nf3 Nf6 4. g3 Be7 5. Bg2 0-0 6. 0-0 c6 7. Qc2 b6 8. b3 Bb7 9. Rd1 Nbd7 10. Nc3 c5 11. cxd5 exd5 12. Bb2 Rc8 13. Qf5 Re8 14. Rac1 Bf8 15. e3 g6 16. Qb1 Bh6 17. Nb5 Ne4 18. Ne5 a6 19. Bxe4 axb5 20. Nxd7 Qxd7 21. dxc5 bxc5 22. Bg2 d4 23. exd4 Bxg2 24. Kxg2 Bxc1 25. Qxc1 Qd5+ 26. Kg1 c4 27. bxc4 Rxc4 28. Qd2 Rc6 29. Ba3 Rce6 30. Rc1 Re2 0-1

[Event "EU-ch (Women) 25th"]
[Site "Rhodes"]
[Date "2025.04.10"]
[Round "10"]
[White "Rudzinska, Michalina"]
[Black "Tirpan, Ceren"]
[Result "1-0"]
[WhiteElo "2223"]
[BlackElo "2051"]
[PlyCount "63"]
[EventDate "2025.03.31"]
[EventType "swiss"]
[EventRounds "11"]
[EventCountry "GRE"]
[SourceTitle "CB16_2025"]
[SourceDate "2025.04.16"]
[SourceVersion "1"]
[SourceVersionDate "2025.04.16"]
[SourceQuality "1"]

1. e4 c5 2. Nf3 a6 3. c3 e6 4. d4 d5 5. e5 Bd7 6. Bd3 Nc6 7. 0-0 cxd4 8. cxd4 Nb4 9. Be2 Ne7 10. Nc3 Ng6 11. g3 f6 12. exf6 gxf6 13. a3 Nc6 14. b4 Bg7 15. h4 0-0 16. h5 Nge7 17. Re1 Be8 18. h6 Bh8 19. Bd3 Bf7 20. b5 axb5 21. Nxb5 Ng6 22. Bf4 e5 23. Bxg6 Bxg6 24. dxe5 fxe5 25. Nxe5 Nxe5 26. Bxe5 Bxe5 27. Rxe5 Rxf2 28. Qd4 Rf7 29. Nc3 Qf8 30. Nxd5 Rxa3 31. Rxa3 Qxa3 32. Re8+ 1-0

[Event "EU-ch (Women) 25th"]
[Site "Rhodes"]
[Date "2025.04.05"]
[Round "6"]
[White "Mihaljevic, Eva"]
[Black "Rudzinska, Michalina"]
[Result "0-1"]
[WhiteElo "2030"]
[BlackElo "2223"]
[PlyCount "92"]
[EventDate "2025.03.31"]
[EventType "swiss"]
[EventRounds "11"]
[EventCountry "GRE"]
[SourceTitle "CB16_2025"]
[SourceDate "2025.04.16"]
[SourceVersion "1"]
[SourceVersionDate "2025.04.16"]
[SourceQuality "1"]

1. e4 c6 2. d4 d5 3. Nd2 dxe4 4. Nxe4 Nf6 5. Nxf6+ exf6 6. c3 Bd6 7. Bd3 0-0 8. Ne2 Re8 9. 0-0 Nd7 10. Ng3 g6 11. a4 f5 12. f4 Nf6 13. Qf3 Be6 14. Re1 Qd7 15. Bd2 Rad8 16. Kh1 Bc7 17. b4 h5 18. h3 h4 19. Nf1 Kg7 20. Qf2 Rh8 21. Nh2 Nh5 22. c4 Bb6 23. Nf3 Bxd4 24. Nxd4 Qxd4 25. Qxd4+ Rxd4 26. Bc3 Rhd8 27. Rad1 Kh7 28. Bxd4 Rxd4 29. Bf1 Rxf4 30. Rc1 g5 31. Bd3 Rd4 32. Red1 Kg7 33. Kg1 g4 34. Bb1 Rf4 35. Rf1 g3 36. Bd3 Rd4 37. Bxf5 Nf4 38. Bxe6 fxe6 39. Rc2 e5 40. a5 Kf6 41. Rb1 e4 42. Kf1 Ke5 43. Ke1 e3 44. Rb3 Ke4 45. c5 a6 46. Rbc3 Nd5 0-1

[Event "EU-ch rapid (Women)"]
[Site "Monaco"]
[Date "2025.01.12"]
[Round "7"]
[White "Rudzinska, Michalina"]
[Black "Toncheva, Nadya"]
[Result "1/2-1/2"]
[WhiteElo "2226"]
[BlackElo "2313"]
[PlyCount "125"]
[EventDate "2025.01.11"]
[EventType "swiss (rapid)"]
[EventRounds "11"]
[EventCountry "MNC"]
[SourceTitle "CB03_2025"]
[SourceDate "2025.01.15"]
[SourceVersion "1"]
[SourceVersionDate "2025.01.15"]
[SourceQuality "1"]

1. e4 c5 2. Nf3 Nc6 3. d4 cxd4 4. Nxd4 g6 5. Nc3 Bg7 6. Nb3 Nf6 7. Be2 0-0 8. 0-0 d6 9. Re1 a6 10. Bf1 Be6 11. Nd5 Nd7 12. c3 Nc5 13. Nxc5 dxc5 14. Bg5 Re8 15. Qd2 Qa5 16. Qe3 Rad8 17. Red1 Rd7 18. a3 Ne5 19. Be2 c4 20. Nf4 Rxd1+ 21. Rxd1 Bc8 22. Nd5 f6 23. Bf4 Nd3 24. Bxd3 cxd3 25. Bc7 Qb5 26. Rd2 Be6 27. Qxd3 Qxd3 28. Rxd3 Kf7 29. Bb6 Rc8 30. Nc7 Bb3 31. f4 Bc2 32. Rd4 h5 33. Kf2 h4 34. Kf3 Bh6 35. g3 hxg3 36. hxg3 g5 37. f5 g4+ 38. Kf2 Bc1 39. Ne6 Rh8 40. Bc5 Rh2+ 41. Kg1 Rd2 42. Rxd2 Bxd2 43. Nd8+ Ke8 44. Nxb7 Bxe4 45. Na5 Bxf5 46. Nc6 e5 47. Nb4 Bc1 48. Nd5 Bxb2 49. Nxf6+ Kf7 50. Nd5 Be4 51. Ne3 Bf3 52. Bb4 Ke6 53. Kf2 a5 54. Bxa5 Bxa3 55. Bb6 Bb2 56. Ba5 Bc1 57. c4 Kd6 58. Bb4+ Kc6 59. Nf5 Bb2 60. Ne7+ Kd7 61. Nf5 Kc6 62. Ne7+ Kd7 63. Nf5 1/2-1/2

[Event "EU-ch rapid (Women)"]
[Site "Monaco"]
[Date "2025.01.12"]
[Round "10"]
[White "Vega Gutierrez, Sabrina Neide"]
[Black "Rudzinska, Michalina"]
[Result "0-1"]
[WhiteElo "2393"]
[BlackElo "2226"]
[PlyCount "64"]
[EventDate "2025.01.11"]
[EventType "swiss (rapid)"]
[EventRounds "11"]
[EventCountry "MNC"]
[SourceTitle "CB03_2025"]
[SourceDate "2025.01.15"]
[SourceVersion "1"]
[SourceVersionDate "2025.01.15"]
[SourceQuality "1"]

1. e4 c6 2. d4 d5 3. f3 dxe4 4. fxe4 e5 5. Nf3 Bg4 6. Bc4 Nd7 7. 0-0 Ngf6 8. c3 Bd6 9. h3 Bh5 10. Bg5 0-0 11. Nbd2 Qb6 12. Qc2 Bg6 13. Bd3 Qc7 14. dxe5 Nxe5 15. Bxf6 gxf6 16. Nd4 Rad8 17. Be2 Bc5 18. N2b3 Bb6 19. Kh1 Rd6 20. a4 a6 21. a5 Ba7 22. Nf5 Re6 23. Nbd4 Bb8 24. g3 Nd7 25. Bc4 Re5 26. Rf4 Kh8 27. Nh4 Rg5 28. Qf2 Rxg3 29. Ne2 Bxe4+ 30. Rxe4 Rxh3+ 31. Kg1 Rg8+ 32. Ng2 Rh1+ 0-1

[Event "EU-ch blitz (Women)"]
[Site "Monaco"]
[Date "2025.01.10"]
[Round "9"]
[White "Khademalsharieh, Sarasadat"]
[Black "Rudzinska, Michalina"]
[Result "0-1"]
[WhiteElo "2458"]
[BlackElo "2226"]
[PlyCount "42"]
[EventDate "2025.01.10"]
[EventType "swiss (blitz)"]
[EventRounds "13"]
[EventCountry "MNC"]
[SourceTitle "CB03_2025"]
[SourceDate "2025.01.15"]
[SourceVersion "1"]
[SourceVersionDate "2025.01.15"]
[SourceQuality "1"]

1. d4 d5 2. c4 e6 3. Nc3 Nf6 4. cxd5 exd5 5. Bg5 Bb4 6. Qb3 c5 7. dxc5 Nc6 8. e3 Be6 9. Qd1 h6 10. Bxf6 Qxf6 11. Rc1 0-0 12. Nf3 Bxc5 13. Be2 d4 14. exd4 Nxd4 15. Nxd4 Bxd4 16. 0-0 Rfd8 17. Qa4 a6 18. Bf3 b5 19. Qa5 Rab8 20. Qxa6 Bc4 21. Rfe1 Qxa6 0-1

[Event "EU-ch blitz (Women)"]
[Site "Monaco"]
[Date "2025.01.10"]
[Round "7"]
[White "Maltsevskaya, Aleksandra"]
[Black "Rudzinska, Michalina"]
[Result "1-0"]
[WhiteElo "2368"]
[BlackElo "2226"]
[PlyCount "81"]
[EventDate "2025.01.10"]
[EventType "swiss (blitz)"]
[EventRounds "13"]
[EventCountry "MNC"]
[SourceTitle "CB03_2025"]
[SourceDate "2025.01.15"]
[SourceVersion "1"]
[SourceVersionDate "2025.01.15"]
[SourceQuality "1"]

1. e4 c6 2. d4 d5 3. e5 Bf5 4. c4 e6 5. h4 h5 6. Nc3 dxc4 7. Bxc4 a6 8. Nge2 Nd7 9. Ng3 Bg6 10. Be3 Bb4 11. Be2 Ne7 12. Bg5 Qa5 13. 0-0 Bxc3 14. bxc3 Qxc3 15. Rc1 Qa3 16. Bxh5 Bxh5 17. Nxh5 Kf8 18. Ng3 Rd8 19. Qg4 Nb6 20. Rb1 Nbd5 21. Rxb7 Qa4 22. h5 c5 23. h6 gxh6 24. Bf6 Rg8 25. Qh4 Ng6 26. Qxh6+ Ke8 27. Bxd8 Qc6 28. Rb8 Ndf4 29. f3 Kd7 30. Qh7 Rf8 31. Bg5 Rxb8 32. Qxf7+ Kc8 33. Bxf4 Nxf4 34. Qxf4 Rb2 35. Ne4 cxd4 36. Nd6+ Kb8 37. Qxd4 Rxa2 38. Rb1+ Ka8 39. Qb4 Qc7 40. Qe4+ Ka7 41. Rb7+ 1-0

[Event "EU-ch blitz (Women)"]
[Site "Monaco"]
[Date "2025.01.10"]
[Round "2"]
[White "Roebers, Eline"]
[Black "Rudzinska, Michalina"]
[Result "1-0"]
[WhiteElo "2381"]
[BlackElo "2226"]
[PlyCount "61"]
[EventDate "2025.01.10"]
[EventType "swiss (blitz)"]
[EventRounds "13"]
[EventCountry "MNC"]
[SourceTitle "CB03_2025"]
[SourceDate "2025.01.15"]
[SourceVersion "1"]
[SourceVersionDate "2025.01.15"]
[SourceQuality "1"]

1. e4 c5 2. Nf3 e6 3. d4 cxd4 4. Nxd4 Nc6 5. Nc3 a6 6. Bf4 d6 7. Nxc6 bxc6 8. Qd2 e5 9. Bg3 Be6 10. 0-0-0 Qa5 11. Kb1 Rb8 12. f4 Rb4 13. b3 Rd4 14. Qe3 Rxd1+ 15. Nxd1 Nf6 16. Nb2 Be7 17. Nc4 Bxc4 18. Bxc4 0-0 19. Rd1 Rb8 20. Be1 Qc7 21. Bc3 Nd7 22. Qf3 Bf8 23. Rf1 Nb6 24. Ba5 Nxc4 25. Bxc7 Nd2+ 26. Kc1 Nxf3 27. Bxb8 Nxh2 28. Rd1 exf4 29. e5 dxe5 30. Rd8 e4 31. Bd6 1-0